LDR 00785naa#a2200181#i#450# 001 EN\INFRA-M\bibl\108964 005 20260602205101.2 011 ## _a2587-6295 100 ## _a20260331b2026####ek#y0engy0150####ca 102 ## _aRU 200 1# _aThe trade war between the United States and China as an element of Donald Trump's protectionist policy _eJournal article 210 1# _aMoscow _cINFRA-M Academic Publishing LLC. _d2026 215 ## _a16 с. 608 ## _aJournal article _2local 675 ## _aОказание политического влияния на другие государства. 327.8 _aТорговая война. Таможенная война. 339.548 _aПолитика. 32 _z 700 #1 _aFursov _gSergey Viktorovich 700 #1 _aShumkin _gArseniy Vyacheslavovich 856 4# _anaukaru.ru _u